Statystyki dla W którym województwie znajduje się to miasto? (Inspiracja)

Kliknij tutaj aby rozwiązać quiz!

Ogólne statystyki

  • Ten quiz został rozwiązany 57 razy
  • Średni wynik to 14 z 15

Statystyki odpowiedzi

HintOdpowiedź% Poprawnych
KrynicaMałopolskie
98%
KartuzyPomorskie
98%
WisłaŚląskie
98%
MiędzyzdrojeZachodniopomorskie
98%
NysaOpolskie
96%
GłogówDolnośląskie
94%
RadomskoŁódzkie
94%
BełchatówŁódzkie
94%
ChełmLubelskie
94%
GrajewoPodlaskie
94%
WłoszczowaŚwiętokrzyskie
94%
KołoWielkopolskie
94%
ŚwiebodzinLubuskie
93%
KętrzynWarmińsko-Mazurskie
89%
PolańczykPodkarpackie
85%

Rozkład punktacji

Percentyl według liczby udzielonych odpowiedzi

Procent ludzi z każdym wynikiem

Twoja historia wyników

Nie rozwiązałeś tego quizu